000 00891nam a2200265Ia 4500
003 OSt
005 20220923231033.0
006 a|||||r|||| 00| 0
007 ta
008 220922b |||||||| |||| 00| 0 pan d
020 _c150
024 _a355,008
037 _b1391, 28/12/2021, H.K. Prakashan
_cTextual
040 _aARTS
_cARTS
_bpan
041 _2pan
_apan
082 _aO153,6x, R0
100 _aਕੜਿਆਲਵੀ, ਗੁਰਮੀਤ, ਂਚ.
245 0 _aਦਹਿFਤ ਭਰੇ ਦਿਨਾਂ ਚ
260 _aਪਟਿਆਲਾ
_b ਆੰਟਮ ਆਰਟ
_c2020
300 _a135ਪ੍ਰ0
_ccm.
650 _a ਪੰਜਾਬੀ ਨਿਬੰਧ
650 _aਪੰਜਾਬੀ ਸਾਹਿਤ
942 _hO153,6x, R0
_cTEXL
_2CC
999 _c388931
_d388931